<?xml version="1.0" encoding="UTF-8"?>
<record
    xmlns:xsi="http://www.w3.org/2001/XMLSchema-instance"
    xsi:schemaLocation="http://www.loc.gov/MARC21/slim http://www.loc.gov/standards/marcxml/schema/MARC21slim.xsd"
    xmlns="http://www.loc.gov/MARC21/slim">

  <leader>00427nam a22001577a 4500</leader>
  <datafield tag="999" ind1=" " ind2=" ">
    <subfield code="c">62686</subfield>
    <subfield code="d">62686</subfield>
  </datafield>
  <controlfield tag="005">20250123103312.0</controlfield>
  <controlfield tag="008">250123s2012    eng||||| |||| 00| 0 eng d</controlfield>
  <datafield tag="020" ind1=" " ind2=" ">
    <subfield code="a">9780241340660x</subfield>
  </datafield>
  <datafield tag="041" ind1=" " ind2=" ">
    <subfield code="a">eng</subfield>
  </datafield>
  <datafield tag="080" ind1=" " ind2=" ">
    <subfield code="a">24 S-92</subfield>
  </datafield>
  <datafield tag="100" ind1=" " ind2=" ">
    <subfield code="a">Sunim, Haemin</subfield>
    <subfield code="9">24093</subfield>
  </datafield>
  <datafield tag="245" ind1=" " ind2=" ">
    <subfield code="a">The Things You Can See Only When You Slow Down /</subfield>
    <subfield code="c">Haemin Sunim.</subfield>
  </datafield>
  <datafield tag="264" ind1=" " ind2=" ">
    <subfield code="c">2012.</subfield>
  </datafield>
  <datafield tag="300" ind1=" " ind2=" ">
    <subfield code="a">270 p.:</subfield>
    <subfield code="b">ill.;</subfield>
    <subfield code="c">18 cm.</subfield>
  </datafield>
  <datafield tag="942" ind1=" " ind2=" ">
    <subfield code="2">udc</subfield>
    <subfield code="c">&#x1CAC;&#x1C98;&#x1C92;&#x1C9C;&#x1C98;</subfield>
  </datafield>
  <datafield tag="952" ind1=" " ind2=" ">
    <subfield code="0">0</subfield>
    <subfield code="1">0</subfield>
    <subfield code="2">udc</subfield>
    <subfield code="4">0</subfield>
    <subfield code="6">24_S92</subfield>
    <subfield code="7">0</subfield>
    <subfield code="9">101823</subfield>
    <subfield code="a">CPL</subfield>
    <subfield code="b">CPL</subfield>
    <subfield code="c">GEN</subfield>
    <subfield code="d">2025-01-23</subfield>
    <subfield code="g">46.00</subfield>
    <subfield code="o">24 S-92</subfield>
    <subfield code="p">70377</subfield>
    <subfield code="r">2025-01-23</subfield>
    <subfield code="t">70377</subfield>
    <subfield code="w">2025-01-23</subfield>
    <subfield code="y">&#x1CAC;&#x1C98;&#x1C92;&#x1C9C;&#x1C98;</subfield>
    <subfield code="z">46 &#x10DA;.</subfield>
  </datafield>
</record>
